|
|
|
|
| LEADER |
00560nam a22001577a 4500 |
| 020 |
|
|
|a 9789381189610
|
| 082 |
|
|
|a S 181.48
|b HAR/V
|
| 100 |
|
|
|a Harivyasadevacharya
|9 34128
|
| 245 |
|
|
|a Vedantasidhantaratnanjali/
|c by Harivyasadevacharya.
|
| 260 |
|
|
|a Varanasi:
|b Bharateey Vidya Prakasan,
|c 2017.
|
| 300 |
|
|
|a 328p.
|
| 650 |
|
|
|a Vedanta Philosophy
|9 34129
|
| 650 |
|
|
|a Philosophy
|9 34130
|
| 942 |
|
|
|c BK
|
| 999 |
|
|
|c 70186
|d 70186
|
| 952 |
|
|
|0 0
|1 0
|4 0
|6 S_181_480000000000000_HAR_V
|7 0
|9 90696
|a SSUS
|b SSUS
|c STACKS
|d 2018-02-14
|g 800.00
|o S 181.48 HAR/V
|p 087596
|r 2018-02-14
|w 2018-02-14
|y BK
|